000 01254cam a2200385 4500
008 020314n2002 000 0 eng u
020 _aJ119815
035 _a(Sirsi) u119815
041 _aeng.
050 _a333.337
110 _aCapital Economics
_94229
240 _aBootle report
245 _aProperty in business: a waste of space?
260 _aLondon
_bRICS
_c2002
300 _a7p.
_c30cm.
520 _aExecutive summary of the "Bootle report", a study which focuses on the ownership and use of office, retail and industrial space.
650 _aFACILITIES MANAGEMENT
_96240
650 _aProperty management
_96262
650 _aTAXATION
650 _aCORPORATE OCCUPIERS
650 _aBUSINESS RATES
650 _aPROPERTY OWNERS
650 _aPROPERTY-COMMERCIAL PROPERTY
650 _aOFFICE SPACE
650 _aRETAIL SPACE
650 _aINDUSTRIAL SPACE
650 _aSPACE UTILISATION
650 _aHOT DESKING
650 _aBUSINESS ASSETS
690 _aMANAGEMENT-BUSINESS MANAGEMENT
700 _aBootle, R.
710 _aRoyal Institution of Chartered Surveyors
_94900
856 _uhttps://www.rics.org/site/scripts/download_info.aspx?downloadID=2124
_zView free on www.rics.org...
942 _n0
999 _c102411
_d102411